UBT Library

INTERMEDIATE ALGEBRA (Record no. 59341)

000 -LEADER
fixed length control field 00330nam a22001457a 4500
008 - FIXED-LENGTH DATA ELEMENTS--GENERAL INFORMATION
fixed length control field 230208b ||||| |||| 00| 0 eng d
020 ## - INTERNATIONAL STANDARD BOOK NUMBER
International Standard Book Number 9780134494074
041 ## - LANGUAGE CODE
Language code of text/sound track or separate title eng
080 ## - UNIVERSAL DECIMAL CLASSIFICATION NUMBER
Edition identifier ELEVENTH EDITION
Universal Decimal Classification number 51
082 ## - DEWEY DECIMAL CLASSIFICATION NUMBER
Classification number 51McG
100 ## - Rafti
Rafti 20
101 ## - Shkurtesa
Shkurtesa MATEM
245 ## - TITLE STATEMENT
Title INTERMEDIATE ALGEBRA
Statement of responsibility, etc McGINNIS
942 ## - ADDED ENTRY ELEMENTS (KOHA)
Source of classification or shelving scheme
Item type Books
Holdings
Withdrawn status Lost status Source of classification or shelving scheme Damaged status Not for loan Collection code Permanent location Current location Date acquired Total Checkouts Full call number Barcode Date last seen Price effective from Koha item type
          Koleksioni i përgjithshem UBT - Lipjan UBT - Lipjan 02/08/2023   51McG 003-280 02/08/2023 02/08/2023 Books
UBT Library © 2015-2024. All rights reserved University Education for Business and Technology